| 000 | 01249nam a2200277 i 4500 | ||
|---|---|---|---|
| 001 | 83119 | ||
| 003 | ES-MaACL | ||
| 005 | 20250728063125.0 | ||
| 007 | t| | ||
| 008 | 180601s1921 sp ||||1| spa d | ||
| 080 | _a56:599 | ||
| 100 | 1 |
_aHernández-Pacheco, Eduardo, _d1872-1965 _eaut _963012 |
|
| 245 | 1 | 3 |
_aLa llanura manchega y sus mamíferos fósiles : _b(Yacimiento de la Puebla de Almoradier) / por Eduardo Hernández-Pacheco |
| 260 |
_aMadrid : _bMuseo Nacional de Ciencias Naturales, _c1921 |
||
| 300 |
_a43 páginas, II láminas : _bilustraciones ; _c27 cm |
||
| 490 | 1 |
_aComisión de Investigaciones Paleontológicas y Prehistóricas. Memoria ; _v28, Serie paleontológica, 4 |
|
| 594 | _aPrecede al tít.: Junta para la Ampliación de Estudios e Investigaciones Científicas | ||
| 650 | 7 |
_aMamíferos fósiles _2embne _9241402 |
|
| 651 | 4 |
_aCastilla-La Mancha- _xFósiles. _9164890 |
|
| 710 | 2 |
_aMuseo Nacional de Ciencias Naturales (España) _eedt _95897 |
|
| 830 | 0 |
_aComisión de Investigaciones Paleontológicas y Prehistóricas. Memoria ; _v28, Serie paleontológica, 4 _9183771 |
|
| 852 |
_aES-MaACL _cSPB _jB-13006(4) |
||
| 942 |
_2udc _cMONOGRAFIA _n0 |
||
| 999 |
_c83119 _d83119 |
||